| 000 | 00649nam a2200229Ia 4500 | ||
|---|---|---|---|
| 003 | GCL | ||
| 008 | 140319s9999 xx 000 0 ara d | ||
| 040 |
_aGCL / _cGCL |
||
| 082 | 0 | 4 |
_a889 _bم ى |
| 100 | 1 | _aعبدالمعطى شعراوى | |
| 245 | 1 | 0 |
_aيوريبيدس وعصرة / _cعبدالمعطى شعراوى |
| 700 | 1 | _aمورى، جلبرت | |
| 700 | 1 | _aصقر خفاجة (مراجع) | |
| 260 |
_a[S.N] : _bدار الفكر العربى |
||
| 300 | _a187 ص | ||
| 490 | _a | ||
| 650 | 0 | 4 | _aالادب اليونانى |
| 650 | 0 | 4 | _aالادب |
| 650 | 0 | 4 | _aالادباء |
| 650 | 0 | 4 | _aيوريبيدس |
| 942 |
_2ddc _cBK |
||
| 999 |
_c33017 _d33017 |
||